[Event "4NCL Online Division 7"]
[Site "online"]
[Date "2021.03.23"]
[EventDate "2021.03.23"]
[Round "5.182"]
[White "Westwood, Cameron"]
[WhiteElo "1705"]
[WhiteTeam "Aberystwyth University 1"]
[Black "Burling, Andrew"]
[BlackElo "1315"]
[BlackTeam "Horsham 3"]
[Result "1-0"]
[PlyCount "65"]

1. c4 Nf6 2. g3 e5 3. Bg2 Nc6 4. Nc3 Bc5 5. e3 O-O 6. Nge2 a6 7. O-O d6 8. b3 Be6 9. h3 Qd7 10. Kh2 Ne8 11. Bb2 Rb8 12. Nd5 f5 13. d4 exd4 14. Nxd4 Nxd4 15. Bxd4 Bxd4 16. Qxd4 Nf6 17. Rad1 Nxd5 18. Bxd5 Bxd5 19. Qxd5+ Kh8 20. Rd2 Qf7 21. Rfd1 Qxd5 22. Rxd5 g6 23. c5 dxc5 24. Rxc5 Rf7 25. Kg2 Kg7 26. Kf3 Kf6 27. g4 fxg4+ 28. hxg4 Ke6+ 29. Kg3 Rbf8 30. f4 Re7 31. e4 Rff7 32. g5 Rd7 33. Re5# 1-0

[Event "4NCL Online Division 7"]
[Site "online"]
[Date "2021.03.23"]
[EventDate "2021.03.23"]
[Round "5.183"]
[White "Cowley, Charlie"]
[WhiteElo "1219"]
[WhiteTeam "Horsham 3"]
[Black "Horhey, Matthew"]
[BlackElo "1600"]
[BlackTeam "Aberystwyth University 1"]
[Result "1-0"]
[PlyCount "59"]

1. c4 Nf6 2. Nc3 e6 3. Nf3 c5 4. g3 Nc6 5. Bg2 Be7 6. O-O O-O 7. d3 a6 8. b3 Qa5 9. Bb2 b5 10. d4 Nxd4 11. Nxd4 cxd4 12. Ne4 Rb8 13. Bxd4 Nxe4 14. Bxe4 bxc4 15. Qc2 f5 16. Bf3 cxb3 17. axb3 Qb5 18. Rfb1 Bb7 19. Bxb7 Qxb7 20. Qd3 Ra8 21. Ra4 f4 22. Qc3 fxg3 23. Qxg3 Bf6 24. Bxf6 Rxf6 25. Rg4 d5 26. f3 Rc8 27. Kf2 Qb6+ 28. Kg2 Qc7 29. Qh3 Rh6 30. Qxh6 1-0

[Event "4NCL Online Division 7"]
[Site "online"]
[Date "2021.03.23"]
[EventDate "2021.03.23"]
[Round "5.184"]
[White "Bates, Toby"]
[WhiteElo "1550"]
[WhiteTeam "Aberystwyth University 1"]
[Black "Jefferson, Simon"]
[BlackElo "900"]
[BlackTeam "Horsham 3"]
[Result "1-0"]
[PlyCount "45"]

1. e4 Nc6 2. d4 Nf6 3. e5 d6 4. exf6 gxf6 5. Nc3 Bd7 6. d5 Nb4 7. a3 Na6 8. Nf3 Bg7 9. Be3 O-O 10. Qd2 e6 11. O-O-O exd5 12. Nxd5 c6 13. Nf4 c5 14. Nh5 Bg4 15. Nxg7 Kxg7 16. h3 Bf5 17. Bh6+ Kg8 18. Qf4 Qd7 19. Rxd6 Qe7 20. Qxf5 Qxd6 21. Qg4+ Kh8 22. Bg7+ Kg8 23. Bxf6# 1-0

[Event "4NCL Online Division 7"]
[Site "online"]
[Date "2021.03.23"]
[EventDate "2021.03.23"]
[Round "5.191"]
[White "Sharman, Jay"]
[WhiteElo "1592"]
[WhiteTeam "Redbridge All Sorts 3"]
[Black "Baig, Huzaifa"]
[BlackElo "1212"]
[BlackTeam "Colchester JFF C"]
[Result "0-1"]
[PlyCount "78"]

1. d4 d5 2. Bf4 Nf6 3. c3 Bf5 4. e3 e6 5. Nf3 h6 6. h3 Bd6 7. Qb3 b6 8. Bb5+ c6 9. Be2 Bxf4 10. exf4 Ne4 11. O-O Nd7 12. Ne5 Nxe5 13. fxe5 c5 14. Qd1 c4 15. Nd2 Nxd2 16. Qxd2 O-O 17. b3 b5 18. g4 Bh7 19. f4 f6 20. exf6 Qxf6 21. g5 Qf7 22. Rae1 a5 23. Bg4 Be4 24. Bf3 Bxf3 25. Rxf3 hxg5 26. Ref1 gxf4 27. Rxf4 Qg6+ 28. Kh2 Rxf4 29. Rxf4 cxb3 30. axb3 a4 31. Rg4 Qf6 32. Rf4 Qe7 33. bxa4 bxa4 34. Rg4 a3 35. Qa2 Rb8 36. Rg2 Qc7+ 37. Kh1 Qxc3 38. Kh2 Rb2 39. Rxb2 Qxb2+ 0-1

[Event "4NCL Online Division 7"]
[Site "online"]
[Date "2021.03.23"]
[EventDate "2021.03.23"]
[Round "5.192"]
[White "Kariyawasam, Alexander"]
[WhiteElo "1156"]
[WhiteTeam "Colchester JFF C"]
[Black "Harris, Dai"]
[BlackElo "1523"]
[BlackTeam "Redbridge All Sorts 3"]
[Result "0-1"]
[PlyCount "30"]

1. e4 c5 2. Bc4 Nc6 3. Qf3 e6 4. Qf4 d6 5. Qg4 Nf6 6. Qg5 Nd4 7. Na3 h6 8. Qf4 e5 9. Qh4 g5 10. Qg3 Nxe4 11. Qb3 Nxb3 12. axb3 Qf6 13. Bb5+ Bd7 14. d3 Qxf2+ 15. Kd1 Qf1# 0-1

[Event "4NCL Online Division 7"]
[Site "online"]
[Date "2021.03.23"]
[EventDate "2021.03.23"]
[Round "5.193"]
[White "Buckingham, Michael J"]
[WhiteElo "1592"]
[WhiteTeam "Redbridge All Sorts 3"]
[Black "Kariyawasam, Rohan"]
[BlackElo "1000"]
[BlackTeam "Colchester JFF C"]
[Result "1-0"]
[PlyCount "41"]

1. d4 c6 2. c4 Nf6 3. Nc3 e6 4. c5 Be7 5. Bf4 Nh5 6. Bd2 b6 7. b4 a5 8. a3 Ba6 9. Nf3 Bf6 10. g4 Bh4 11. gxh5 Bf6 12. Ne4 Be7 13. Rg1 Bf8 14. Bf4 d6 15. Bxd6 Nd7 16. Bxf8 Rxf8 17. Nd6+ Ke7 18. Rxg7 h6 19. Qd2 Bc4 20. Qxh6 Rh8 21. Rxf7# 1-0

[Event "4NCL Online Division 7"]
[Site "online"]
[Date "2021.03.23"]
[EventDate "2021.03.23"]
[Round "5.194"]
[White "Salkauskas, Deimantas"]
[WhiteElo "969"]
[WhiteTeam "Colchester JFF C"]
[Black "Lataille, Matthias"]
[BlackElo "1547"]
[BlackTeam "Redbridge All Sorts 3"]
[Result "0-1"]
[PlyCount "126"]

1. e4 e5 2. Nf3 Nc6 3. Bc4 Nf6 4. Nc3 Be7 5. d4 exd4 6. Nxd4 Ne5 7. Be2 b6 8. Bf4 Ng6 9. Bd2 Bb7 10. Bf3 Ne5 11. O-O Nxf3+ 12. Nxf3 d6 13. Bg5 h6 14. Bf4 g5 15. Bg3 Nh5 16. Qd4 Bf6 17. e5 Nxg3 18. fxg3 dxe5 19. Qxd8+ Rxd8 20. Rae1 O-O 21. Nxe5 Bxe5 22. Rxe5 Rd2 23. Re2 Rfd8 24. Rxd2 Rxd2 25. Rf2 Rxf2 26. Kxf2 c5 27. a3 Bc6 28. b4 cxb4 29. axb4 a6 30. h4 g4 31. h5 Kg7 32. Ke3 Bxg2 33. Kf4 Bf3 34. Ne4 Bxe4 35. Kxe4 Kf6 36. Kf4 Ke6 37. Kxg4 f5+ 38. Kf4 Kf6 39. g4 fxg4 40. Kxg4 a5 41. Kf4 a4 42. Ke4 a3 43. Kd5 a2 44. Kc6 a1=Q 45. Kxb6 Qc3 46. Ka5 Qxc2 47. b5 Qc5 48. Ka6 Qxh5 49. b6 Qe5 50. b7 h5 51. Ka7 h4 52. b8=Q Qxb8+ 53. Kxb8 h3 54. Kc7 h2 55. Kd6 h1=Q 56. Kc5 Ke5 57. Kc4 Qd5+ 58. Kc3 Ke4 59. Kc2 Qd3+ 60. Kc1 Qe2 61. Kb1 Kd3 62. Ka1 Kc3 63. Kb1 Qb2# 0-1

[Event "4NCL Online Division 7"]
[Site "online"]
[Date "2021.03.23"]
[EventDate "2021.03.23"]
[Round "5.201"]
[White "Gauri, Dhairye"]
[WhiteElo "1315"]
[WhiteTeam "Uxbridge Eagles"]
[Black "Jones, Humphrey C N"]
[BlackElo "1631"]
[BlackTeam "Charlton Cobras B"]
[Result "1/2-1/2"]
[PlyCount "59"]

1. e4 e6 2. d4 d5 3. exd5 exd5 4. Nc3 Nf6 5. Bg5 Be7 6. Nf3 O-O 7. Bd3 c6 8. h3 h6 9. Bh4 Be6 10. O-O Nbd7 11. Re1 Re8 12. Qd2 Bb4 13. a3 Be7 14. Re3 c5 15. Bb5 a6 16. Bxd7 Nxd7 17. Bxe7 Rxe7 18. dxc5 Nxc5 19. b4 Ne4 20. Nxe4 dxe4 21. Rxe4 Qxd2 22. Nxd2 Rd7 23. Nf3 Rad8 24. Kh2 Kf8 25. Ne5 Rd2 26. Ng6+ Kg8 27. Ne7+ Kf8 28. Ng6+ Kg8 29. Ne7+ Kf8 30. Ng6+ 1/2-1/2

[Event "4NCL Online Division 7"]
[Site "online"]
[Date "2021.03.23"]
[EventDate "2021.03.23"]
[Round "5.202"]
[White "Rogers, David M"]
[WhiteElo "1547"]
[WhiteTeam "Charlton Cobras B"]
[Black "Tarigopula, Pawan Kumar"]
[BlackElo "1280"]
[BlackTeam "Uxbridge Eagles"]
[Result "1-0"]
[PlyCount "69"]

1. c4 c5 2. g3 Nc6 3. Bg2 g6 4. Nc3 Bg7 5. Nf3 Nf6 6. d4 cxd4 7. Nxd4 O-O 8. O-O Ne8 9. e3 Nd6 10. b3 e5 11. Nde2 Nf5 12. Bb2 Re8 13. Nd5 Nfe7 14. Nec3 Rb8 15. Qe2 Nxd5 16. Nxd5 Ne7 17. Rfd1 b6 18. Rd2 Nxd5 19. Bxd5 Bb7 20. Rad1 Bxd5 21. Rxd5 Rb7 22. Qd2 Qg5 23. Rxd7 Rxd7 24. Qxd7 Re7 25. Qd8+ Bf8 26. Ba3 Kg7 27. Bxe7 Bxe7 28. Qc7 Qg4 29. Rd7 Qe4 30. Qb7 Qxb7 31. Rxb7 Bc5 32. Rxa7 Kf6 33. a3 b5 34. Ra6+ Ke7 35. cxb5 1-0

[Event "4NCL Online Division 7"]
[Site "online"]
[Date "2021.03.23"]
[EventDate "2021.03.23"]
[Round "5.203"]
[White "Knight, Samuel"]
[WhiteElo "1291"]
[WhiteTeam "Uxbridge Eagles"]
[Black "Stebbings, Robert J"]
[BlackElo "1598"]
[BlackTeam "Charlton Cobras B"]
[Result "0-1"]
[PlyCount "72"]

1. d4 Nf6 2. Bf4 e6 3. e3 c5 4. c3 d5 5. Nf3 Nc6 6. Nbd2 Bd6 7. Bg3 O-O 8. Qc2 b6 9. Ne5 Bb7 10. Ndf3 Ne7 11. Bd3 c4 12. Be2 Ne4 13. Nd2 Nxd2 14. Qxd2 Nf5 15. Nf3 b5 16. Bxd6 Nxd6 17. O-O a5 18. a3 Ne4 19. Qc2 Qe7 20. Ne5 f6 21. Nf3 b4 22. axb4 axb4 23. Nd2 b3 24. Qc1 Rxa1 25. Qxa1 Nxd2 26. Re1 Ra8 27. Qd1 Ne4 28. Qb1 Ra2 29. f3 Nd6 30. e4 dxe4 31. fxe4 Bxe4 32. Qc1 Qf7 33. Qf4 Qg6 34. Bf1 Rxb2 35. Qxd6 Rxg2+ 36. Bxg2 Qxg2# 0-1

[Event "4NCL Online Division 7"]
[Site "online"]
[Date "2021.03.23"]
[EventDate "2021.03.23"]
[Round "5.204"]
[White "Bazan, Mateusz"]
[WhiteElo "1595"]
[WhiteTeam "Charlton Cobras B"]
[Black "Tarigopula, Varish"]
[BlackElo "1258"]
[BlackTeam "Uxbridge Eagles"]
[Result "1/2-1/2"]
[PlyCount "58"]

1. d4 d5 2. c4 c6 3. cxd5 cxd5 4. Nc3 Nf6 5. g3 Nc6 6. Bg2 Bf5 7. Nf3 e6 8. O-O Bd6 9. a3 O-O 10. b4 a6 11. Bb2 Qc7 12. Nh4 Bg6 13. Nxg6 fxg6 14. e4 dxe4 15. Nxe4 Nxe4 16. Bxe4 Rad8 17. d5 exd5 18. Bxd5+ Kh8 19. Bxc6 bxc6 20. Qa4 Qb7 21. Rac1 Rc8 22. Rfd1 Be7 23. Qc2 Qb6 24. Bd4 Qb7 25. Bc5 Bxc5 26. Qxc5 Rf5 27. Qd6 Rff8 28. Qd7 Qb6 29. Qd4 Qb7 1/2-1/2

[Event "4NCL Online Division 7"]
[Site "online"]
[Date "2021.03.23"]
[EventDate "2021.03.23"]
[Round "5.211"]
[White "Dunks, Peter"]
[WhiteElo "1690"]
[WhiteTeam "The Hemel's Gambit"]
[Black "Badacsonyi, Stanley"]
[BlackElo "1214"]
[BlackTeam "MHJ Knights"]
[Result "0-1"]
[PlyCount "146"]

1. d4 Nf6 2. Bg5 e6 3. e3 d5 4. Bd3 Be7 5. Nf3 Nbd7 6. O-O b6 7. c4 Bb7 8. Nc3 O-O 9. a3 Rc8 10. b4 c5 11. bxc5 bxc5 12. Rb1 Ba8 13. cxd5 Nxd5 14. Bxe7 Qxe7 15. Nxd5 Bxd5 16. e4 Ba8 17. d5 exd5 18. exd5 Nf6 19. Bc4 Rfd8 20. Re1 Qd7 21. Ne5 Qd6 22. Qa4 Bxd5 23. Bxd5 Qxd5 24. Rbd1 Qb7 25. Rxd8+ Rxd8 26. Qc6 Qxc6 27. Nxc6 Rd3 28. Nxa7 Rxa3 29. Nb5 Ra8 30. Nd6 g6 31. f3 Ra2 32. Re7 Nd5 33. Re5 Nf4 34. Re8+ Kg7 35. Re7 Rxg2+ 36. Kh1 Rd2 37. Rxf7+ Kg8 38. Rxf4 Rxd6 39. Kg2 Rd4 40. Rf6 Rd2+ 41. Kg3 Rc2 42. Rc6 c4 43. Kf4 Rxh2 44. Ke5 Rh5+ 45. Kf4 Kf7 46. Kg3 Rg5+ 47. Kf2 h5 48. Rxc4 Ra5 49. Re4 Kf6 50. Rb4 Kg5 51. Kg3 Rf5 52. f4+ Kh6 53. Rc4 Rb5 54. Rd4 Kg7 55. Rc4 Kf6 56. Rd4 Kf5 57. Rd8 Rb3+ 58. Kh4 Kxf4 59. Rf8+ Ke5 60. Re8+ Kf6 61. Rf8+ Kg7 62. Rf1 Kh6 63. Rf6 Rb4+ 64. Kh3 Kg5 65. Ra6 h4 66. Ra5+ Kh6 67. Ra6 Kh5 68. Ra5+ g5 69. Rc5 Rb3+ 70. Kg2 h3+ 71. Kh2 Kh4 72. Rc8 Rb2+ 73. Kh1 g4 0-1

[Event "4NCL Online Division 7"]
[Site "online"]
[Date "2021.03.23"]
[EventDate "2021.03.23"]
[Round "5.212"]
[White "Vera, Louis"]
[WhiteElo "1112"]
[WhiteTeam "MHJ Knights"]
[Black "Huhn, Robert M"]
[BlackElo "1377"]
[BlackTeam "The Hemel's Gambit"]
[Result "0-1"]
[PlyCount "106"]

1. d4 d5 2. c4 c6 3. Nc3 Nf6 4. Bg5 e6 5. Nf3 h6 6. Bxf6 Qxf6 7. e3 Nd7 8. Qb3 Bd6 9. cxd5 exd5 10. Bd3 Nb6 11. O-O O-O 12. e4 dxe4 13. Nxe4 Qe7 14. Nxd6 Qxd6 15. Rfe1 Be6 16. Qc2 Nd5 17. a3 Nf4 18. Rad1 Nxd3 19. Qxd3 Rad8 20. Ne5 Qd5 21. Nf3 Bf5 22. Qe3 Bg4 23. Rd3 Bxf3 24. Qxf3 Qxf3 25. gxf3 Rd7 26. Kg2 Rfd8 27. Re4 c5 28. Re2 Rxd4 29. Rde3 Rd2 30. Re1 Rxb2 31. Kh3 Rxf2 32. Rg1 Rdd2 33. Re8+ Kh7 34. Re7 Rxf3+ 35. Rg3 Rff2 36. Rg1 Rxh2+ 37. Kg3 Rhe2 38. Rxf7 Rd3+ 39. Kf4 Rf2+ 40. Ke4 Rd4+ 41. Ke5 Rxf7 42. Ke6 Rf6+ 43. Ke7 Re4+ 44. Kd7 c4 45. a4 c3 46. Kc7 c2 47. Kxb7 Rb4+ 48. Kxa7 Rb1 49. a5 Rxg1 50. a6 c1=Q 51. Ka8 Qc8+ 52. Ka7 Qc7+ 53. Ka8 Rf8# 0-1

[Event "4NCL Online Division 7"]
[Site "online"]
[Date "2021.03.23"]
[EventDate "2021.03.23"]
[Round "5.213"]
[White "Cooper, John L"]
[WhiteElo "1327"]
[WhiteTeam "The Hemel's Gambit"]
[Black "Qiu, Calvin"]
[BlackElo "932"]
[BlackTeam "MHJ Knights"]
[Result "1-0"]
[PlyCount "69"]

1. e4 g6 2. d4 Bg7 3. Nf3 e6 4. Nc3 Nc6 5. Bb5 a6 6. Ba4 b5 7. Bb3 Nge7 8. a3 d5 9. exd5 exd5 10. Qe2 O-O 11. Qd3 Re8 12. O-O Na5 13. Ba2 Bf5 14. Qd1 Nec6 15. Nxd5 Be4 16. Ne3 Nxd4 17. Nxd4 Bxd4 18. c3 Bg7 19. Bd2 Bh6 20. Re1 Qg5 21. f3 Bc6 22. Nf1 Qc5+ 23. Kh1 Bxd2 24. Qxd2 Rxe1 25. Rxe1 Nc4 26. Qc1 Bd5 27. b4 Qf2 28. Bxc4 Bxc4 29. Nd2 Bd5 30. Ne4 Kg7 31. Nxf2 Rd8 32. Rd1 c6 33. Qe3 Rc8 34. Qe5+ Kh6 35. Ng4# 1-0

[Event "4NCL Online Division 7"]
[Site "online"]
[Date "2021.03.23"]
[EventDate "2021.03.23"]
[Round "5.214"]
[White "Bedretdinov, Rasul"]
[WhiteElo "917"]
[WhiteTeam "MHJ Knights"]
[Black "Wrzesinski, Roman"]
[BlackElo "1231"]
[BlackTeam "The Hemel's Gambit"]
[Result "0-1"]
[PlyCount "106"]

1. e4 c6 2. Nc3 d5 3. Qf3 dxe4 4. Nxe4 Nf6 5. Bc4 Nbd7 6. Nxf6+ Nxf6 7. Qg3 Bg4 8. h3 Bh5 9. d3 e6 10. Nf3 Bg6 11. O-O Bd6 12. Bf4 Nh5 13. Bg5 Nxg3 14. Bxd8 Nxf1 15. Bh4 Bh5 16. g4 Bg6 17. Rxf1 h6 18. d4 Bxc2 19. Re1 g5 20. Bg3 Bxg3 21. fxg3 O-O-O 22. Re2 Bd1 23. Rf2 Bxf3 24. Rxf3 Rxd4 25. Bb3 Rf8 26. Bxe6+ Kc7 27. Bb3 Rd2 28. Rf6 Rxb2 29. Bxf7 Rxa2 30. Rf5 Ra1+ 31. Kf2 Kd6 32. h4 Ke7 33. Bg6 Rxf5+ 34. gxf5 gxh4 35. gxh4 Kf6 36. Ke3 Rd1 37. Kf4 Rd4+ 38. Ke3 c5 39. Bh7 b5 40. h5 a5 41. Bg6 b4 42. Bh7 a4 43. Bg6 b3 44. Be8 a3 45. Bc6 b2 46. Be4 a2 47. Bc2 a1=Q 48. Be4 Qe1+ 49. Kf4 Qxe4+ 50. Kg3 Rd3+ 51. Kf2 Qe3+ 52. Kf1 b1=Q+ 53. Kg2 Rd2# 0-1

[Event "4NCL Online Division 7"]
[Site "online"]
[Date "2021.03.23"]
[EventDate "2021.03.23"]
[Round "5.221"]
[White "Townsend, Ray P"]
[WhiteElo "1698"]
[WhiteTeam "Fossa Corieltauvorum"]
[Black "Amos, Michael"]
[BlackElo "1400"]
[BlackTeam "Farnham C"]
[Result "1-0"]
[PlyCount "95"]

1. f4 b6 2. Nf3 Bb7 3. e3 e6 4. b3 Nf6 5. Bb2 Be7 6. Be2 d6 7. O-O Nbd7 8. a3 a6 9. b4 h6 10. c4 O-O 11. Nc3 Nh7 12. Bd3 Nhf6 13. Rb1 e5 14. fxe5 Bxf3 15. Rxf3 Nxe5 16. Be4 Nxf3+ 17. Qxf3 Nxe4 18. Nxe4 Bg5 19. Qf5 Re8 20. Rf1 Qe7 21. Nxg5 hxg5 22. Qh3 Qe4 23. Bc3 Qxc4 24. Qh5 Qd5 25. Rf3 Re4 26. Rh3 Rh4 27. Rxh4 gxh4 28. Qxd5 h3 29. g3 Re8 30. Qc6 Re7 31. Qa8+ Kh7 32. Qxa6 f6 33. Qd3+ g6 34. Bxf6 Rf7 35. Bg5 Rf5 36. Bd8 d5 37. Bxc7 Rf7 38. Bxb6 Rd7 39. Bc5 Rd8 40. a4 Rd7 41. a5 Rd8 42. a6 Ra8 43. a7 Rd8 44. Qd4 g5 45. Qf6 Ra8 46. Qxg5 d4 47. Bxd4 Rg8 48. Qh5# 1-0

[Event "4NCL Online Division 7"]
[Site "online"]
[Date "2021.03.23"]
[EventDate "2021.03.23"]
[Round "5.222"]
[White "Warren, Archie"]
[WhiteElo "1367"]
[WhiteTeam "Farnham C"]
[Black "Pettitt, David"]
[BlackElo "1658"]
[BlackTeam "Fossa Corieltauvorum"]
[Result "1/2-1/2"]
[PlyCount "159"]

1. d4 d5 2. Nf3 Nf6 3. g3 c6 4. c4 e6 5. Bg2 Bd6 6. Nc3 Nbd7 7. Qc2 O-O 8. O-O Re8 9. e4 dxe4 10. Nxe4 Nxe4 11. Qxe4 Nf6 12. Qc2 h6 13. b3 Bd7 14. Bb2 Rc8 15. Ne5 Qc7 16. Rad1 Red8 17. Rfe1 Be7 18. Qb1 c5 19. d5 exd5 20. Bxd5 Be8 21. Qf5 Nxd5 22. Rxd5 Rxd5 23. cxd5 Rd8 24. Nf3 Bd6 25. Qg4 Bf8 26. Nh4 Qd7 27. Qe4 f6 28. Ng6 Bf7 29. Nxf8 Rxf8 30. Qe7 Qxe7 31. Rxe7 Bxd5 32. Rd7 Bf3 33. Ba3 Re8 34. Kf1 Be2+ 35. Kg2 Bb5 36. Rc7 c4 37. bxc4 Bc6+ 38. Kf1 Re4 39. Bc5 a6 40. Rc8+ Kh7 41. Be3 Rxc4 42. Rc7 Ra4 43. Ke1 Rxa2 44. Kd1 Ra4 45. Kc2 Be4+ 46. Kc3 Ra1 47. Kd4 Bc6 48. Kc5 Rd1 49. h4 Kg6 50. Bf4 Rd7 51. Rxd7 Bxd7 52. Kb6 Bc6 53. Kc5 Kf5 54. Be3 g6 55. Kb4 h5 56. Kc3 Ke4 57. Kb4 Kd5 58. Kc3 f5 59. Kb4 Bb5 60. Ka5 Kc6 61. Kb4 b6 62. Kc3 a5 63. Kb3 Be2 64. Ka4 Kb7 65. Kb3 Bd1+ 66. Ka3 a4 67. Kb4 Ka6 68. Bd4 b5 69. Bc5 Be2 70. Bd4 Kb7 71. Bc5 Kc6 72. Be3 Kd5 73. Bc5 Bc4 74. Be3 Ke4 75. Bc5 Kf3 76. Be3 Kg4 77. Bf4 Kf3 78. Be3 Kg4 79. Bf4 Kf3 80. Be3 1/2-1/2

[Event "4NCL Online Division 7"]
[Site "online"]
[Date "2021.03.23"]
[EventDate "2021.03.23"]
[Round "5.223"]
[White "Johnson, Andy G"]
[WhiteElo "1707"]
[WhiteTeam "Fossa Corieltauvorum"]
[Black "Warnock, Oliver"]
[BlackElo "1258"]
[BlackTeam "Farnham C"]
[Result "0-1"]
[PlyCount "44"]

1. d4 f5 2. e3 Nf6 3. Bd3 e6 4. Nf3 Be7 5. c3 O-O 6. Qb3 d5 7. Ne5 c5 8. c4 Ne4 9. Nc3 cxd4 10. exd4 Nc6 11. Be3 Na5 12. Qc2 Bf6 13. f3 Nxc3 14. Qxc3 dxc4 15. Nxc4 Nxc4 16. Qxc4 b5 17. Qc3 a6 18. Rc1 Bb7 19. O-O Rc8 20. Qb3 Bd5 21. Qa3 Qb6 22. Rc4 Bxc4 0-1

[Event "4NCL Online Division 7"]
[Site "online"]
[Date "2021.03.23"]
[EventDate "2021.03.23"]
[Round "5.224"]
[White "Warren, Orla"]
[WhiteElo "1186"]
[WhiteTeam "Farnham C"]
[Black "Gray, Paul"]
[BlackElo "1608"]
[BlackTeam "Fossa Corieltauvorum"]
[Result "0-1"]
[PlyCount "60"]

1. d4 c6 2. c3 d6 3. Bf4 Nd7 4. Nf3 Qc7 5. Nbd2 e5 6. dxe5 dxe5 7. Bg3 f6 8. e3 Nb6 9. Be2 Be6 10. O-O Ne7 11. Nd4 Bf7 12. Bg4 h5 13. Ne6 Bxe6 14. Bxe6 Qd6 15. Bb3 O-O-O 16. Ne4 Qc7 17. Be6+ Kb8 18. Qc2 h4 19. Bxe5 fxe5 20. Nc5 Ned5 21. Bxd5 Bxc5 22. Bf3 Bd6 23. Rad1 Be7 24. a4 Rxd1 25. Rxd1 Rd8 26. a5 Rxd1+ 27. Qxd1 Nd5 28. Bg4 Qd6 29. c4 Nf6 30. Bh3 Qxd1# 0-1

[Event "4NCL Online Division 7"]
[Site "online"]
[Date "2021.03.23"]
[EventDate "2021.03.23"]
[Round "5.231"]
[White "Gardner, Kai"]
[WhiteElo "1374"]
[WhiteTeam "Barnet Knights D"]
[Black "Foreman, Anthony"]
[BlackElo "1475"]
[BlackTeam "Catford Cosmonauts 4"]
[Result "0-1"]
[PlyCount "80"]

1. e4 e5 2. d4 exd4 3. c3 dxc3 4. Nxc3 Nc6 5. Nf3 d6 6. Bc4 Be7 7. O-O Ne5 8. Be2 Nxf3+ 9. Bxf3 Nf6 10. Re1 O-O 11. b3 Rb8 12. Bb2 Be6 13. Qc2 c6 14. Rad1 Qc8 15. e5 dxe5 16. Rxe5 Rd8 17. Ree1 Rxd1 18. Rxd1 Bf5 19. Qe2 Qe6 20. Qxe6 Bxe6 21. Ne2 Rd8 22. Rxd8+ Bxd8 23. Nf4 Bf5 24. Ne2 Kf8 25. Nc3 Ke7 26. Na4 Kd6 27. Ba3+ Kc7 28. Bb2 Be7 29. h3 g6 30. g4 Be6 31. Bd4 Kb8 32. Bd1 Nd7 33. Bc2 c5 34. Be5+ Nxe5 35. f4 Nc6 36. f5 Bd7 37. fxg6 hxg6 38. Nc3 Nd4 39. Be4 Bc6 40. Bd3 Kc7 0-1

[Event "4NCL Online Division 7"]
[Site "online"]
[Date "2021.03.23"]
[EventDate "2021.03.23"]
[Round "5.232"]
[White "Marchettini, Cristiano"]
[WhiteElo "1465"]
[WhiteTeam "Catford Cosmonauts 4"]
[Black "Belur, Ankita"]
[BlackElo "1345"]
[BlackTeam "Barnet Knights D"]
[Result "1-0"]
[PlyCount "69"]

1. d4 d6 2. Nc3 Nf6 3. Bf4 g6 4. e3 Bg7 5. Nf3 c6 6. Bd3 O-O 7. O-O Nbd7 8. Re1 b5 9. Ne4 Bb7 10. Nxf6+ Nxf6 11. e4 a6 12. a4 Rc8 13. axb5 axb5 14. c3 Re8 15. Qe2 Qc7 16. Ra7 Ra8 17. Rea1 Rxa7 18. Rxa7 Qb6 19. Ra1 Nh5 20. Be3 Qc7 21. Ra7 Ra8 22. Rxa8+ Bxa8 23. b4 e5 24. Qa2 Bb7 25. Qa7 Qc8 26. dxe5 Bxe5 27. Nxe5 dxe5 28. Qc5 Qe6 29. Bh6 Ng7 30. Qb6 Bc8 31. Qd8+ Qe8 32. Qf6 Nh5 33. Qh4 Qe6 34. Qd8+ Qe8 35. Qxe8# 1-0

[Event "4NCL Online Division 7"]
[Site "online"]
[Date "2021.03.23"]
[EventDate "2021.03.23"]
[Round "5.234"]
[White "Hart, Simon"]
[WhiteElo "1250"]
[WhiteTeam "Catford Cosmonauts 4"]
[Black "Scott, Jane"]
[BlackElo "1356"]
[BlackTeam "Barnet Knights D"]
[Result "1/2-1/2"]
[PlyCount "90"]

1. e4 e5 2. Nf3 Nc6 3. Bb5 a6 4. Ba4 Nf6 5. O-O b5 6. Bb3 Bc5 7. h3 O-O 8. Re1 Bb7 9. c3 Na5 10. Bc2 Nc4 11. d4 exd4 12. cxd4 Bb6 13. Nbd2 Na5 14. Nf1 Re8 15. Ng3 Re7 16. e5 Nd5 17. Bg5 f6 18. exf6 Rxe1+ 19. Qxe1 Nxf6 20. Be4 Bc6 21. Nh5 Bxe4 22. Nxf6+ gxf6 23. Qxe4 fxg5 24. Qd5+ Kh8 25. Nxg5 Qg8 26. Qe5+ Qg7 27. Nf7+ Kg8 28. Qd5 c6 29. Qxd7 Qxf7 30. Qg4+ Qg6 31. Qf4 Rf8 32. Qe3 Qf6 33. Rf1 Kh8 34. Qc3 Qxd4 35. Qg3 Qxb2 36. Qd6 Qf6 37. Qd2 Rg8 38. Qe2 Qh4 39. Qe5+ Rg7 40. Qe8+ Rg8 41. Qe5+ Rg7 42. Qe8+ Rg8 43. Qe5+ Rg7 44. Qe8+ Rg8 45. Qe5+ Rg7 1/2-1/2

[Event "4NCL Online Division 7"]
[Site "online"]
[Date "2021.03.23"]
[EventDate "2021.03.23"]
[Round "5.241"]
[White "Richards, Simon A"]
[WhiteElo "1614"]
[WhiteTeam "Wantage B"]
[Black "Jebananthan, Jeshan"]
[BlackElo "1199"]
[BlackTeam "Uxbridge Fury"]
[Result "0-1"]
[PlyCount "70"]

1. e4 e5 2. Nf3 Nc6 3. Bb5 Nf6 4. O-O Ng4 5. Re1 Bc5 6. Re2 Nd4 7. Nxd4 Bxd4 8. h3 h5 9. c3 Bxf2+ 10. Rxf2 Nxf2 11. Kxf2 Qf6+ 12. Qf3 Qb6+ 13. d4 Qxb5 14. Na3 Qc6 15. Be3 d6 16. d5 Qa4 17. Rf1 Bd7 18. Kg1 O-O 19. Bc1 f5 20. exf5 Rxf5 21. Qd3 Raf8 22. Rxf5 Bxf5 23. Qe2 Qh4 24. Be3 Bxh3 25. gxh3 Qg3+ 26. Kh1 Qxh3+ 27. Kg1 Rf6 28. Bg5 Rg6 29. Qg2 Qxg2+ 30. Kxg2 Rxg5+ 31. Kh3 e4 32. Nc4 Rxd5 33. Kh4 Kf7 34. Kg3 Rf5 35. Ne3 Rf3+ 0-1

[Event "4NCL Online Division 7"]
[Site "online"]
[Date "2021.03.23"]
[EventDate "2021.03.23"]
[Round "5.242"]
[White "Cepoi, Gesneria-Codruta"]
[WhiteElo "942"]
[WhiteTeam "Uxbridge Fury"]
[Black "Mills, Matt"]
[BlackElo "1439"]
[BlackTeam "Wantage B"]
[Result "1-0"]
[PlyCount "115"]

1. e4 e5 2. Nf3 Nc6 3. Bb5 Nf6 4. d3 Nd4 5. Bc4 Nxf3+ 6. Qxf3 Bc5 7. Bg5 d6 8. Nc3 Bg4 9. Qxg4 Nxg4 10. Bxd8 Rxd8 11. f3 Ne3 12. Bb3 Nxg2+ 13. Kd1 O-O 14. Na4 b6 15. Nxc5 bxc5 16. Ke2 c6 17. a3 d5 18. Rhg1 Nf4+ 19. Ke3 d4+ 20. Kd2 Rb8 21. Rab1 h6 22. Ba4 Rb6 23. Bb3 Rfb8 24. Rg3 Kf8 25. Rbg1 g5 26. h4 f6 27. hxg5 fxg5 28. Rh1 Kg7 29. Rgg1 Ng6 30. Rh2 Nh4 31. Rh3 Rf8 32. Rxh4 Rxf3 33. Ke2 Rf6 34. Rh2 a5 35. Rb1 Rb8 36. Bc4 Kg6 37. b3 a4 38. Rbh1 Kg7 39. bxa4 Rh8 40. Rb1 h5 41. a5 g4 42. a6 g3 43. Rg2 h4 44. a7 Ra8 45. Rb7+ Kh6 46. Bf7 Kg5 47. Be8 Kg4 48. Bd7+ Kf4 49. Bh3 c4 50. Bf5 c3 51. Rg1 Rh6 52. Bh3 c5 53. Rf1+ Kg5 54. Rf5+ Kg6 55. Rxe5 g2 56. Bxg2 h3 57. Bh1 Rh7 58. Re6+ 1-0

[Event "4NCL Online Division 7"]
[Site "online"]
[Date "2021.03.23"]
[EventDate "2021.03.23"]
[Round "5.243"]
[White "Barker, Richard"]
[WhiteElo "1345"]
[WhiteTeam "Wantage B"]
[Black "Mangalagiri, Pranav"]
[BlackElo "957"]
[BlackTeam "Uxbridge Fury"]
[Result "1/2-1/2"]
[PlyCount "50"]

1. e4 c5 2. d4 cxd4 3. c3 dxc3 4. Nxc3 Nc6 5. Bc4 d6 6. Nf3 Bg4 7. O-O Nf6 8. Bg5 e5 9. h3 Bh5 10. Nd5 Be7 11. Qd3 h6 12. Bh4 Bxf3 13. Qxf3 Nxd5 14. Bxe7 Ndxe7 15. Qxf7+ Kd7 16. Qe6+ Kc7 17. Rfd1 Qd7 18. Qf7 g5 19. Rd2 Raf8 20. Qg7 Na5 21. Bf7 Nec6 22. b4 Rxf7 23. Qxh8 Nxb4 24. Rc1+ Nbc6 25. Qxh6 Rg7 1/2-1/2

[Event "4NCL Online Division 7"]
[Site "online"]
[Date "2021.03.23"]
[EventDate "2021.03.23"]
[Round "5.244"]
[White "Peddireddi, Satya"]
[WhiteElo "920"]
[WhiteTeam "Uxbridge Fury"]
[Black "Leake, John"]
[BlackElo "1303"]
[BlackTeam "Wantage B"]
[Result "0-1"]
[PlyCount "58"]

1. e4 e5 2. Nf3 Nc6 3. Bc4 Nf6 4. Ng5 d5 5. exd5 Nxd5 6. d3 h6 7. Qf3 hxg5 8. Bxd5 Be6 9. Bxc6+ bxc6 10. Bxg5 f6 11. Bh4 Bd5 12. Qg3 Bd6 13. Qxg7 Rxh4 14. Qg3 Rh8 15. c4 Be6 16. Qf3 Bb4+ 17. Nc3 Bd7 18. O-O Rf8 19. Rfe1 Bc5 20. Rad1 Bd4 21. Na4 c5 22. Qd5 Rb8 23. Nxc5 Bxc5 24. Qxc5 Rb6 25. d4 Rf7 26. dxe5 fxe5 27. Qxe5+ Re6 28. Qh8+ Rf8 29. Qh4 Qxh4 0-1